000 00265nam a2200097Ia 4500
001 639978
005 20250826153438.0
008 250824s9999 xx 000 0 und d
245 0 _aALIŞVERİŞKOLİK VE ABLASI/S KINSELLA/ARTEMİS
_cSOPHIE KINSELLA
260 _bARTEMİS
999 _c639978
_d639978